| 000 | 00580nam a2200169Ia 4500 | ||
|---|---|---|---|
| 008 | 090201s9999 xx 000 0 und d | ||
| 010 | _aKPL-50421 | ||
| 040 | _bमराठी | ||
| 041 | _aमराठी | ||
| 082 |
_a20673 _b50421 |
||
| 100 | _aसुधा जोशी | ||
| 245 |
_aएकत्र गुफुंन जीवीत धागे _cसुधा जोशी |
||
| 260 |
_c2004 _bअश्वमेघ प्रकाशन |
||
| 300 |
_a80 _bमोठा |
||
| 600 | _aएकत्र गुफुंन जीवीत धागे | ||
| 942 | _cBOOK | ||
| 999 |
_c220433 _d220433 |
||